|
|
|
|
| LEADER |
00000nam a2200000Ii 4500 |
| 001 |
DIGTRINITA0009 |
| 003 |
NyNyDIG |
| 006 |
m o d |
| 007 |
cr ||||||||||| |
| 008 |
130901s2007 dr ob 000 d spa d |
| 020 |
|
|
|z 9789993439493
|
| 020 |
|
|
|z 9993439495
|
| 035 |
|
|
|a (OCoLC)682086945
|
| 040 |
|
|
|a DGITA
|b eng
|e pn
|c DGITA
|
| 043 |
|
|
|a nwdr---
|
| 050 |
1 |
4 |
|a PQ7407 eBook
|
| 245 |
0 |
3 |
|a La Mujer frente al espejo :
|b antología anotada de dramaturas dominicanas contemporáneas /
|c L. Howard Quackenbush [compilador].
|
| 250 |
|
|
|a 1. ed.
|
| 264 |
|
1 |
|a Santo Domingo, República Dominicana :
|b Ediciones Librería la Trinitaria;
|a Provo, Utah :
|b Brigham Young University,
|c 2007.
|
| 300 |
|
|
|a 1 online resource (383 pages)
|
| 336 |
|
|
|a text
|b txt
|2 rdacontent
|
| 337 |
|
|
|a computer
|b c
|2 rdamedia
|
| 338 |
|
|
|a online resource
|b cr
|2 rdacarrier
|
| 500 |
|
|
|a Each selection is followed by a critical essay and bio-bibliographical sketch of the authors.
|
| 504 |
|
|
|a Includes bibliographical references (p. 381-383).
|
| 505 |
0 |
|
|a La eterna Eva y el insoportable Adán / Carmen Quidiello de Bosch -- Wish-ky sour (trago amargo) / Sherezada (Chiqui) Vicioso -- Yo soy Minerva! (Confesiones más allá de la vida y la muerte) / Mu-Kien Adriana Sang-Ben -- La querida de Don José / Germana Quintana -- Minerva y Manolo, amor y lucha / Carmen Dinorah Coronado -- Por hora y a Piece-work / Elizabeth Ovalle -- Estrategias del otro yo: el mundo de Claudia ; La tierra es de nosotros, 2004 / Carlota Carretero -- Espejismo / Margaret Sosa -- Hermanas / Josefina Muñoz -- Estamos listos--? / Ana Mercedes Soto.
|
| 650 |
|
0 |
|a Dominican drama
|x Women authors
|y 20th century.
|
| 650 |
|
0 |
|a Dominican drama
|y 20th century.
|
| 655 |
|
0 |
|a Electronic books.
|
| 700 |
1 |
|
|a Quackenbush, L. Howard.
|
| 791 |
2 |
|
|a Digitalia (Firm),
|e distributor.
|
| 793 |
0 |
|
|g Digitalia eBook Collection:
|a Librería la Trinitaria.
|
| 856 |
4 |
0 |
|3 Digitalia Hispánica
|u https://www.digitaliapublishing.com/a/6190/
|
| 910 |
|
|
|a Premium Collection: 2007-2012
|